000 ncm a22 a 4500
999 _c349436
_d349436
003 BLK
005 20201007040652.0
008 200324b bu ||||| |||| 00| 0 bu d
040 _aBLK
041 _aBUL
_cBUL
080 _aФлейта
_b788.5
_z788.5
100 _aДиамандиев, Асен Димитров
_eпърви автор
_91299
139 _aДиамандиев, Асен Димитров
_bД 53
245 _aТриптих за соло флейта
_bНотирана музика
_cАсен Диамандиев ; ред. Илка Петрова
260 _9209430
_aСофия
_bМузика
_c1976
300 _a8 с.
_c34 см
_bс ноти
380 _a7
700 _91311
_aПетрова, Илка
_eред.
852 _aЦб М ІІ 7169
_c788/Д 53 А
942 _cNOT
_n0
_s1
944 _aCR
_c2020-03-24
_l2020-03-24
999 _d349436
999 _d349436
999 _d349436
999 _d349435
999 _d349434
999 _d349430
999 _d349430
999 _d349429
999 _d349428
999 _d349425
999 _d349423
999 _d349422
999 _d349421